000 00728nam a2200253 i 4500
001 89107
003 ES-MaACL
005 20250728043239.0
007 t|
008 050201s2004 sp ||||1| spa d
020 _a84-670-1540-3
080 _a321.7
080 _a323.28:316.654
100 1 _aUriarte, Edurne.
_9112146
245 1 0 _aTerrorismo y democracia tras el 11-M /
_cEdurne Uriarte.
260 _aPozuelo de Alarcón (Madrid) :
_bEspasa Calpe,
_c[2004]
300 _a217 p. ;
_c22 cm.
490 1 _aEspasa hoy
650 7 _aDemocracia
_2embne
_911574
650 1 4 _aTerrorismo-
_xOpinión pública.
_917500
830 0 _aEspasa hoy
_9179010
852 _aES-MaACL
_jL-28735
_bR.135044
999 _c89107
_d89107